Ecophysiology of desert arthropods and reptiles
Saved in:
| Main Author: | |
|---|---|
| Format: | Book |
| Language: | English |
| Published: |
Berlín
Springer Verlag
1991
|
| Series: | Adaptations of Desert Organisms
|
| Subjects: | |
| Tags: |
Add Tag
No Tags, Be the first to tag this record!
|
MARC
| LEADER | 00000nam a2200000 a 4500 | ||
|---|---|---|---|
| 001 | UCW0553 | ||
| 003 | CL-VaPUC | ||
| 008 | 921123e19910000GW |||||||||||||||||eng|d | ||
| 082 | 0 | 4 | |a 597.9 |b CLO |2 21 |
| 100 | 0 | |a Cloudsley-Thompson, John L |e author |9 304470 | |
| 245 | 1 | 0 | |a Ecophysiology of desert arthropods and reptiles |
| 300 | |a 203 p | ||
| 942 | |c BK | ||
| 945 | |d 19921123 00:00:00 | ||
| 260 | |a Berlín |b Springer Verlag |c 1991 | ||
| 650 | 7 | |a FAUNA DE DESIERTOS |2 CL-VaPUC |9 269577 | |
| 650 | 0 | |a Artrópodos |9 269503 | |
| 650 | 0 | |a Ecología |9 258124 | |
| 650 | 7 | |a FISIOLOGIA |2 CL-VaPUC |9 304471 | |
| 650 | 7 | |a REPTILES |2 CL-VaPUC |9 269773 | |
| 650 | 0 | |a Adaptación |9 269588 | |
| 583 | |a last modification |c 20170406 02:57:58 |k Rodrigo Vera | ||
| 490 | 0 | |a Adaptations of Desert Organisms | |
| 999 | |c 215679 |d 215677 | ||
| 952 | |0 0 |1 0 |4 0 |6 597_900000000000000_CLO_1991 |7 0 |8 A |9 200330 |a BIBCUR |b BIBCUR |d 2019-11-14 |i 3195392 |o 597.9 CLO 1991 |p 3195392 |r 2025-04-22 |w 2019-11-14 |y BK |k BCB | ||